000 00970cam a2200205 a 4500
999 _c2776
_d2776
020 _a0130144207
020 _a0130987069 CDROM)
050 4 _aHD58.7
_b.R62 2001
100 1 _aRobbins, Stephen P.,
245 1 0 _aOrganizational behaviour :
_bconcepts, controversies, applications /
_cStephen P. Robbins, Nancy Langton.
250 _a2nd Canadian ed.
260 _aScarborough, Ont. :
_bPrentice Hall Canada,
_cc2001.
300 _axxviii, 707 p. :
_bcol. ill. ;
_c29 cm. +
_e1 computer laser optical disc (4 3/4 in.).
500 _aAmerican eds. published under title: Organizational behavior : concepts, controversies, applications.
500 _aIncludes review questions.
505 _aPART 1. Developing an understanding of the workplace 2. Striving for performance 3. The uneasy sides of interaction 4. Sharing the organizational vision 5. Towards reorganizing the workplace
650 0 _aOrganizational behavior.
700 1 _aLangton, Nancy.
942 _cBK